Návrh prediktívneho riadenia pre prototyp inteligentného skleníka

Uložené v:
Podrobná bibliografia
Hlavný autor: Daráš, Branislav (Autor)
Ďalší autori: Oravec, Juraj (Vedúci práce)
Médium: Rukopis Kniha
Jazyk:Slovak
Vydavateľské údaje: 2023
Predmet:
On-line prístup:http://is.stuba.sk/zp/portal_zp.pl?podrobnosti=173746
Tagy: Pridať tag
Žiadne tagy, Buďte prvý, kto otaguje tento záznam!

MARC

LEADER 00000ntm a22000003a 4500
001 stuzp93911
003 SK-STU
005 20230909220455.1
007 ta
008 150427s2015----xo-----f-mn---000-0-slo-d
040 |a STU  |b slo 
041 0 |a slo 
100 1 |a Daráš, Branislav  |u 047000  |4 aut  |U FCHPT Fakulta chemickej a potravinárskej technológie  |T FCHPT Ústav informatizácie, automatizácie a matematiky  |X 110657  |U C7000  |Y 105  |7 110657 
242 0 1 |a Model Predictive Control Design for a Prototype of Smart Greenhouse  |y eng 
245 1 0 |a Návrh prediktívneho riadenia pre prototyp inteligentného skleníka 
260 |c 2023 
650 4 |a kvalita riadenia  |2 slo 
650 4 |a riadenie teploty  |2 slo 
650 4 |a prediktívne riadenie  |2 slo 
650 4 |a predictive control  |2 eng 
650 4 |a temperature control  |2 eng 
650 4 |a control performance  |2 eng 
700 1 |a Oravec, Juraj  |u 047220  |k Z1  |4 ths  |U FCHPT Ústav informatizácie, automatizácie a matematiky  |T FCHPT Oddelenie informatizácie a riadenia procesov  |X 26399  |U C7220  |Y 121  |7 A000026399 
856 4 |u http://is.stuba.sk/zp/portal_zp.pl?podrobnosti=173746